Les "cinquante" - Statistiques

Statistiques générales
  • Ce quiz a été pris 410 fois
  • Le résultat moyen est 31 sur 50
Statistiques - réponses
Hint Réponse % Correct
1 Julien Bert
93%
3 Maeva Ghennam
92%
25 Melanie Orlenko
88%
7 Nore Abdelali
86%
20 Greg Yeghiazarian
85%
2 Kamila Tir-Abdelali
85%
10 Jessica "Jessy" Errero
82%
16 Amelie Neten
80%
5 Simon Castaldi
80%
19 Vivian Grimigni
77%
8 Adixia Romaniello
75%
36 Christophe Dicranian
75%
15 Oceane El Himer
74%
22 Marine El Himer
73%
21 Victoria Mehault
73%
27 Nicolo Federico Ferrari
72%
6 Adrien Truong
71%
9 Cynthia Makhoul
70%
29 Fanny Salvat
70%
17 Marwa Merazka
70%
14 Charlotte Mint
69%
13 Melanie "Melanight" Amar
67%
4 Christopher Via Putje
66%
40 Milla Jasmine
64%
50 Julia Morgante
62%
23 Ambre Abadia
60%
24 Liam Di Benedetto
59%
11 Melanie Dedigama
59%
41 Nadege Lacroix
57%
43 Beverly Bello
56%
18 Melissa Sbenn
56%
42 Cedric Carian
53%
33 Neverly Paris
52%
31 Anthony Lyricos
51%
46 Virginie Conte
49%
30 Alan Broncic
47%
12 Aurelie Dotremont
47%
35 Clarysse Pereira
47%
26 Kayla Kula
45%
32 Maxime Merkouchenko
45%
28 Valeria Merkouchenko
44%
45 Andy Andreyassian
43%
48 Noah Kaa
43%
49 Ileana Arnaud
42%
38 Jean Aslo
39%
47 Chani Lenglet
38%
39 Ines Sberro
36%
34 Molie Pasqualini
34%
37 Tristan Maurisse
34%
44 Goeffrey Bouin
20%
Aucun quiz correspondant
Distribution des résultats
% des personnes avec chaque résultat
Percentile par nombre de réponses
Votre historique - résultats
Vous n’avez pas pris ce quiz